000 01173nam a2200241 a 4500
001 74252
003 BD-RjUL
005 20211209082526.0
008 180417s2007 bg a|||| b||| 001 0 ben d
020 _a9847001900066
_c: Tk. 300.00
035 _a(BD-RjUL)74470
040 _aBD-RjUL
_bben
_cBD-RjUL
_dBD-RjUL
041 _aben
082 _223
_a302.23
_bGON 2007
245 1 _aগণমাধ্যমের রাজনৈতিক অর্থনীতি :
_bনয়া তথ্যযুগে পুঁজিবাদ আর গণতন্ত্র /
_cসম্পাদনা ; মুসতাক আহমেদ,
260 _aঢাকা :
_bএ এইচ ডেভেলপমেন্ট পাবলিশিং হাউস,
_c২০০৭
300 _a২২১ পৃ. :
_bচিত্র ;
_c২১ সেমি.
504 _aগ্রন্থপঞ্জীগত তথ্য ও নির্ঘন্ট সংযুক্ত ।
650 _aগণমাধ্যম এবং প্রযুক্তি
_9221166
650 _aMass media and technology
_9221167
700 _aআহমেদ, মুসতাক
_9221168
942 _2ddc
_cBK
999 _c74252
_d74252